All the Champions League final scorers - Statistics

General Stats
  • This quiz has been taken 8 times
  • The average score is 53 of 135
Answer Stats
Number of Goals Years Teams Oppenents Assist Name of the Scorer % Correct
2 2009 ; 2011 FC Barcelone Manchester United Xavi Hernandez ; Andrés Iniesta Lionel Messi
100%
7 1956 ; 1957 ; 1958 ; 1959 ; 1960 Real Madrid Stade de Reims ; Fiorentina ; AC Milan ; Eintracht Francfort / Alfredo Di Stefano
86%
4 2008 ; 2014 ; 2017 Manchester United ; Real Madrid Chelsea ; Atletico de Madrid ; Juventus Wes Brown ; Dani Carvajal ; Luka Modric Cristiano Ronaldo
86%
1 2024 Real Madrid Borussia Dortmund Toni Kroos Dani Carvajal
86%
1 2011 FC Barcelone Manchester United Sergio Busquets David Villa
86%
2 2025 Paris Saint-Germain Inter de Milan Ousmane Dembélé ; Vitinha Désiré Doué
86%
3 2014 ; 2018 Real Madrid Atletico de Madrid ; Liverpool Marcelo Gareth Bale
86%
3 1974 ; 1975 Bayern Munich Atletico de Madrid ; Leeds United / Gerd Muller
86%
1 2018 Real Madrid Liverpool / Karim Benzema
86%
1 2020 Bayern Munich Paris Saint-Germain Joshua Kimmich Kingsley Coman
86%
1 2019 Liverpool Tottenham / Mohamed Salah
86%
2 2000 ; 2002 Real Madrid Valence CF ; Bayer Leverkusen Savio Bortolini ; Roberto Carlos Raul
86%
1 2018 Liverpool Real Madrid Dejan Lovren Sadio Mané
86%
2 2014 ; 2016 Real Madrid Atletico de Madrid Luka Modric ; Gareth Bale Sergio Ramos
86%
1 2005 Liverpool AC Milan John Riise Steven Gerrard
86%
1 2012 Bayern Munich Chelsea Toni Kroos Thomas Muller
86%
2 2022 ; 2024 Real Madrid Liverpool ; Borussia Dortmund Federico Valverde ; Jude Bellingham Vinicius Jr.
86%
1 2005 Liverpool AC Milan / Xabi Alonso
86%
1 2025 Paris Saint-Germain Inter de Milan Désiré Doué Achraf Hakimi
71%
1 1997 Juventus Borussia Dortmund Alen Boksic Alessandro Del Piero
71%
1 2015 Juventus Juventus / Alvaro Morata
71%
1 2013 Bayern Munich Borussia Dortmund / Arjen Robben
71%
1 2017 Real Madrid Juventus / Casemiro
71%
1 2012 Chelsea Bayern Munich Juan Mata Didier Drogba
71%
1 2014 Atletico de Madrid Real Madrid Juanfran Diego Godin
71%
2 2010 Inter de Milan Bayern Munich Wesley Sneijder ; Samuel Eto'o Diego Milito
71%
1 2019 Liverpool Tottenham Joël Matip Divock Origi
71%
3 1962 ; 1963 SL Benfica Real Madrid ; AC Milan / Eusebio
71%
7 1960 ; 1962 Real Madrid Eintracht Francfort ; SL Benfica / Ferenc Puskas
71%
2 2007 AC Milan Liverpool Andrea Pirlo ; Kaka Filippo Inzaghi
71%
1 2008 Chelsea Manchester United / Frank Lampard
71%
2 2005 AC Milan Liverpool Andriy Shevchenko ; Kaka Hernan Crespo
71%
1 2021 Chelsea Manchester City Mason Mount Kai Havertz
71%
1 2025 Paris Saint-Germain Inter de Milan Ousmane Dembélé Khvicha Kvaratskhelia
71%
1 2015 FC Barcelone Juventus / Luis Suarez
71%
2 2013 ; 2017 Juventus Borussia Dortmund ; Real Madrid Arjen Robben ; Gonzalo Higuain Mario Mandzukic
71%
1 2015 FC Barcelone Juventus Pedro Neymar Jr.
71%
1 1999 Manchester United Bayern Munich Teddy Sheringham Ole Gunnar Solskjaer
71%
1 2005 AC Milan Liverpool Andrea Pirlo Paolo Maldini
71%
1 2023 Manchester City Inter de Milan / Rodri
71%
2 1989 AC Milan FCSB / Ruud Gullit
71%
2 2006 ; 2009 FC Barcelone Arsenal ; Manchester United Henrik Larsson ; Andrés Iniesta Samuel Eto'o
71%
1 2025 Paris Saint-Germain Inter de Milan Bradley Barcola Senny Mayulu
71%
1 2011 Manchester United FC Barcelone Ryan Giggs Wayne Rooney
71%
1 2002 Real Madrid Bayer Leverkusen Roberto Carlos Zinedine Zidane
71%
1 2004 FC Porto AS Monaco Dmitriy Alenichev Deco
57%
2 1957 ; 1958 Real Madrid Fiorentina ; AC Milan / Francisco Gento
57%
2 1972 Ajax Amsterdam Inter de Milan / Johann Cruyff
57%
1 2017 Real Madrid Juventus Marcelo Marco Asensio
57%
2 1989 AC Milan FCSB / Marco Van Basten
57%
1 2011 FC Barcelone Manchester United Xavi Hernandez Pedro
57%
1 1992 FC Barcelone Sampdoria José Maria Bakero Ronald Koeman
57%
1 1999 Manchester United Bayern Munich Ryan Giggs Teddy Sheringham
57%
1 2005 Liverpool AC Milan Dietmar Hamann Vladimir Smicer
57%
1 2016 Atletico de Madrid Real Madrid Juanfran Yannick Carrasco
57%
2 1968 Manchester United SL Benfica / Bobby Charlton
43%
2 1994 AC Milan FC Barcelone Dejan Savisevic ; Roberto Donadoni Daniele Massaro
43%
1 1994 AC Milan FC Barcelone / Dejan Savisevic
43%
1 2000 Real Madrid Valence CF Michel Salgado Fernando Morientes
43%
1 1968 Manchester United SL Benfica / Georges Best
43%
1 2013 Borussia Dortmund Bayern Munich / Ilkay Gundogan
43%
1 2015 FC Barcelone Juventus Andrés Iniesta Ivan Rakitic
43%
1 2006 FC Barcelone Arsenal Henrik Larsson Juliano Belletti
43%
2 1997 Borussia Dortmund Juventus Paul Lambert ; Andreas Moller Karl-Heinz Riedle
43%
1 1997 Borussia Dortmund Juventus Andreas Moller Lars Ricken
43%
1 2002 Bayer Leverkusen Real Madrid Bernd Schneider Lucio
43%
1 1994 AC Milan FC Barcelone Demetrio Albertini Marcel Desailly
43%
1 2014 Real Madrid Atletico de Madrid Cristiano Ronaldo Marcelo
43%
1 1985 Juventus Liverpool / Michel Platini
43%
1 1995 Ajax Amsterdam AC Milan Frank Rijkaard Patrick Kluivert
43%
1 2006 Arsenal FC Barcelone Thierry Henry Sol Campbell
43%
1 2001 Bayern Munich Valence CF / Stefan Effenberg
43%
1 1993 Olympique de Marseille AC Milan Abedi Pelé Basile Boli
29%
1 2004 FC Porto AS Monaco / Carlos Alberto
29%
1 2007 Liverpool AC Milan / Dirk Kuyt
29%
1 2004 FC Porto AS Monaco / Dmitriy Alenichev
29%
1 1996 Juventus Ajax Amsterdam / Fabrizio Ravanelli
29%
1 1990 AC Milan SL Benfica Marco Van Basten Frank Rijkaard
29%
1 2001 Valence CF Bayern Munich / Gaizka Mendieta
29%
1 1996 Ajax Amsterdam Juventus / Jari Litmanen
29%
2 1963 AC Milan SL Benfica / José Altafini
29%
1 1978 Liverpool FC Bruges / Kenny Dalglish
29%
1 1998 Real Madrid Juventus / Predgar Mijatovic
29%
3 1964; 1967 Inter de Milan Real Madrid ; Celtic Glasgow / Sandro Mazzola
29%
1 2000 Real Madrid Valence CF / Steven McManaman
29%
1 1981 Liverpool Real Madrid / Alan Kennedy
14%
1 1966 Real Madrid Partizan Belgrade / Amancio Amaro
14%
1 1971 Ajax Amsterdam Panathinaikos / Dick Van Dijk
14%
1 1983 Hambourg SV Juventus / Felix Magath
14%
3 1956 ; 1958 Real Madrid Stade de Reims ; AC Milan / Hector Rial
14%
2 1961 ; 1962 SL Benfica FC Barcelone ; Real Madrid / José Aguas
14%
1 1999 Bayern Munich Manchester United / Mario Basler
14%
1 1956 Real Madrid Stade de Reims / Marquitos
14%
3 1969 AC Milan Ajax Amsterdam / Pierino Prati
14%
1 1987 FC Porto Bayern Munich / Rabah Madjer
14%
1 1970 Feyernoord Celtic Glasgow / Rinus Israel
14%
1 1979 Nottingham Forest Malmö FF / Trevor Francis
14%
1 1977 Borussia Monchengladbach Liverpool / Allan Simonsen
0%
1 1969 AC Milan Ajax Amsterdam / Angelo Sormani
0%
1 1971 Ajax Amsterdam Panathinaikos / Arie Haan
0%
1 1964 Inter de Milan Real Madrid / Aurelio Milano
0%
1 1968 Manchester United SL Benfica / Brian Kidd
0%
1 1962 SL Benfica Real Madrid / Domiciano Cavem
0%
1 1959 Real Madrid Stade de Reims / Enrique Mateos
0%
1 1958 AC Milan Real Madrid / Ernesto Grillo
0%
2 1960 Eintracht Francfort Real Madrid / Erwin Stein
0%
1 1964 Real Madrid Inter de Milan / Felo
0%
1 1966 Real Madrid Partizan Belgrade / Fernando Serena
0%
2 1975 ; 1976 Bayern Munich Leeds United ; AS Saint-Etienne / Franz Roth
0%
1 1974 Bayern Munich Atletico de Madrid / Hans-Georg Schwarzenbeck
0%
1 1968 SL Benfica Manchester United / Jaime Graça
0%
1 1965 Inter de Milan SL Benfica / Jair
0%
1 1956 Stade de Reims Real Madrid / Jean Templin
0%
1 1973 Ajax Amsterdam Juventus / Johnny Rep
0%
1 1980 Nottingham Forest Hambourg SV / John Robertson
0%
1 1958 AC Milan Real Madrid / Juan Alberto Schiaffino
0%
1 1987 FC Porto Bayern Munich Rabah Madjer Juary
0%
1 1987 Bayern Munich FC Porto / Ludwig Kogl
0%
1 1974 Atletico de Madrid Bayern Munich / Luis Aragones
0%
2 1961 ; 1962 SL Benfica FC Barcelone ; Real Madrid / Mario Coluna
0%
1 1956 Stade de Reims Real Madrid / Michel Hidalgo
0%
1 1956 Stade de Reims Real Madrid / Michel Leblond
0%
1 1970 Feyernoord Celtic Glasgow / Ove Kindvall
0%
1 1982 Aston Villa Bayern Munich / Peter Withe
0%
2 1977 ; 1984 Liverpool Borussia Monchengladbach ; AS Roma / Phil Neal
0%
1 1960 Eintracht Francfort Real Madrid / Richard Kress
0%
1 1984 AS Roma Liverpool / Roberto Pruzzo
0%
1 1961 FC Barcelone SL Benfica / Sandor Kocsis
0%
1 1967 Celtic Glasgow Inter de Milan / Stevie Chalmers
0%
1 1977 Liverpool Borussia Monchengladbach / Terry McDermott
0%
2 1967; 1970 Celtic Glasgow Inter de Milan ; Feyernoord / Tommy Gemmell
0%
1 1977 Liverpool Borussia Monchengladbach / Tommy Smith
0%
2 1974 Bayern Munich Atletico de Madrid / Uli Hoeneb
0%
2 1966; 1969 Partizan Belgrade ; Ajax Amsterdam Real Madrid ; AC Milan / Velibor Vasovic
0%
1 1961 FC Barcelone SL Benfica / Zoltan Czibor
0%
No matching quizzes found
Score Distribution
Percent of People with Each Score
Percentile by Number Answered
Your Score History
You have not taken this quiz